Multiple Choice City Quiz – Hyderabad - Statistics

General Stats
  • This quiz has been taken 98 times
    97 since last reset
  • The average score is 7 of 10
Answer Stats
Question Answer % Correct
What is the nickname of the film industry based in Hyderabad? Tollywood
89%
Which state is Hyderabad the capital of? Telangana
87%
What is Hyderabad's twin city? Secunderabad
82%
What is Hyderabad's most famous lake, known for a statue of Buddha? Hussain Sagar
76%
What river flows through Hyderabad Musi River
73%
What is the largest museum in Hyderabad, built to host a Hyderabadi nobleman's collections? Salar Jung Museum
73%
What is the second most spoken language in Hyderabad? Urdu
70%
What's the most affluent neighbourhood of the city? Banjara Hills
63%
What was the first kingdom to have Hyderabad as a capital? Qutb Shahi Dynasty
42%
When was modern Hyderabad founded? 1591
35%
No matching quizzes found
Score Distribution
Percent of People with Each Score
Percentile by Number Answered
Your Score History
You have not taken this quiz since the last reset